000
00207nam a2200097Ia 4500
008
240331s9999 xx 000 0 und d
082
_b
HUS
100
_a
Hussain, N.A.N
245
0
_a
Pann paadum pen
942
_c
L
999
_c
1661
_d
1661